000 00372nam a2200133Ia 4500
008 220217s9999||||xx |||||||||||||| ||und||
020 _a81-224-0356-5
082 _a621.381 52 WEI
100 _aWeiske, Wolfgang
245 0 _aApplication of the thyristor: siemens series
260 _aWiley eastern limited
_bNew Delhi
_c1991
300 _b40
650 _aCIRCUITRY
999 _c173296
_d173296